[Event "Bratislava exe op 2nd"]
[Site "Bratislava"]
[Date "2024.09.20"]
[Round "7"]
[White "Stocek, Jiri"]
[Black "Holly, Andrej"]
[Result "1-0"]
[WhiteElo "2520"]
[BlackElo "2170"]
[PlyCount "87"]
[EventDate "2024.09.14"]
[EventType "swiss"]
[EventRounds "9"]
[EventCountry "SVK"]
[SourceTitle "EXT 2025"]
[Source "ChessBase"]
[SourceDate "2024.10.14"]
[SourceVersion "1"]
[SourceVersionDate "2024.10.14"]
[SourceQuality "1"]

1. d4 Nf6 2. c4 e6 3. Nf3 d5 4. Nc3 c5 5. e3 a6 6. cxd5 exd5 7. g3 Nc6 8. Bg2 Be7 9. 0-0 0-0 10. b3 Bg4 11. dxc5 Bxc5 12. Bb2 Re8 13. h3 Bf5 14. Rc1 Ba7 15. Nh4 Be6 16. Ne2 Ne4 17. Nf3 Qa5 18. a3 Rac8 19. b4 Qd8 20. Nf4 Qd7 21. Ne5 Nxe5 22. Bxe5 Ng5 23. Rxc8 Qxc8 24. h4 Bg4 25. Qxd5 Bf3 26. Bxf3 Nxf3+ 27. Qxf3 Rxe5 28. Rd1 h6 29. Qe2 Bb8 30. Nd5 Re8 31. Kg2 Be5 32. Qd3 Qg4 33. Rc1 Qe6 34. a4 Rd8 35. e4 Re8 36. b5 Bd6 37. bxa6 bxa6 38. Rc6 Qe5 39. Rxa6 Bc5 40. Rc6 Bd4 41. Rc4 Ba7 42. Rc7 Bd4 43. Qf3 Qe6 44. a5 1-0

[Event "Piestany Slovakia op-A"]
[Site "Piestany"]
[Date "2024.07.17"]
[Round "9"]
[White "Macko, Michal"]
[Black "Holly, Andrej"]
[Result "1/2-1/2"]
[WhiteElo "2136"]
[BlackElo "2186"]
[PlyCount "21"]
[EventDate "2024.07.09"]
[EventType "swiss"]
[EventRounds "9"]
[EventCountry "SVK"]
[SourceTitle "EXT 2025"]
[Source "ChessBase"]
[SourceDate "2024.10.14"]
[SourceVersion "1"]
[SourceVersionDate "2024.10.14"]
[SourceQuality "1"]

1. c4 Nf6 2. Nc3 e6 3. d4 Bb4 4. e3 d5 5. a3 Bxc3+ 6. bxc3 0-0 7. Nf3 b6 8. cxd5 exd5 9. Bd3 c5 10. h3 Nc6 11. 0-0 1/2-1/2

[Event "Piestany Slovakia op-A"]
[Site "Piestany"]
[Date "2024.07.14"]
[Round "6"]
[White "Holly, Andrej"]
[Black "Babula, Vlastimil1"]
[Result "0-1"]
[WhiteElo "2186"]
[BlackElo "2345"]
[PlyCount "62"]
[EventDate "2024.07.09"]
[EventType "swiss"]
[EventRounds "9"]
[EventCountry "SVK"]
[SourceTitle "EXT 2025"]
[Source "ChessBase"]
[SourceDate "2024.10.14"]
[SourceVersion "1"]
[SourceVersionDate "2024.10.14"]
[SourceQuality "1"]

1. c4 e5 2. Nc3 Nf6 3. Nf3 Nc6 4. d3 d5 5. cxd5 Nxd5 6. g3 Be7 7. Bg2 Nb6 8. 0-0 0-0 9. a3 a5 10. Be3 h6 11. Rc1 Bg4 12. Ne4 Nd4 13. Bxd4 exd4 14. Nc5 Bc8 15. Qd2 a4 16. Qf4 Ra5 17. b4 axb3 18. Nxb3 Rxa3 19. Nbxd4 Nd5 20. Qd2 Bb4 21. Qb2 Ra6 22. Qb3 c5 23. e4 Nc3 24. Kh1 cxd4 25. Qxb4 Na2 26. Qxd4 Nxc1 27. Qxd8 Rxd8 28. Rxc1 b5 29. d4 b4 30. Rb1 Rb6 31. Bf1 Bb7 0-1

[Event "Piestany Slovakia op-A"]
[Site "Piestany"]
[Date "2024.07.11"]
[Round "3"]
[White "Ugorek, Kacper"]
[Black "Holly, Andrej"]
[Result "1-0"]
[WhiteElo "2250"]
[BlackElo "2186"]
[PlyCount "105"]
[EventDate "2024.07.09"]
[EventType "swiss"]
[EventRounds "9"]
[EventCountry "SVK"]
[SourceTitle "EXT 2025"]
[Source "ChessBase"]
[SourceDate "2024.10.14"]
[SourceVersion "1"]
[SourceVersionDate "2024.10.14"]
[SourceQuality "1"]

1. c4 Nf6 2. Nc3 g6 3. e4 d6 4. d4 Bg7 5. Nf3 0-0 6. Be2 Nbd7 7. Be3 e5 8. d5 Qe7 9. Nd2 c5 10. g4 Ne8 11. Qc2 a6 12. h4 h6 13. a4 Nc7 14. h5 g5 15. a5 Rb8 16. f3 Rd8 17. Kf2 b5 18. axb6 Rxb6 19. Rhb1 Bb7 20. Na2 a5 21. Nc3 Ra8 22. Ra3 Qd8 23. Rba1 Rb4 24. Nb3 Qb8 25. Nxa5 Ra6 26. Nxb7 Qxb7 27. Rxa6 Nxa6 28. Nb5 Qb6 29. Bd2 Bf6 30. b3 Bd8 31. Kg2 Kg7 32. Qa2 Ndb8 33. Be1 Kf6 34. Bf1 Kg7 35. Qc2 Nd7 36. Ra3 Kf6 37. Qa2 Ndb8 38. Qf2 Ke7 39. Qa2 Kf6 40. Qf2 Ke7 41. Qb2 Qb7 42. Nc3 Kf6 43. Nd1 Bc7 44. Ne3 Kg7 45. Nf5+ Kh7 46. Bd2 Rb6 47. f4 f6 48. fxe5 fxe5 49. Ba5 Rb4 50. Bxb4 cxb4 51. Ra1 Nc5 52. Qf2 Nxe4 53. Qc2 1-0

[Event "SVK-chT2C 2324"]
[Site "Slovakia"]
[Date "2024.02.11"]
[Round "9.2"]
[White "Doci, Stefan"]
[Black "Holly, Andrej"]
[Result "0-1"]
[WhiteElo "2024"]
[BlackElo "2206"]
[PlyCount "130"]
[EventDate "2023.10.07"]
[EventType "team-tourn"]
[EventRounds "11"]
[EventCountry "SVK"]
[SourceTitle "EXT 2025"]
[Source "ChessBase"]
[SourceDate "2024.10.14"]
[SourceVersion "1"]
[SourceVersionDate "2024.10.14"]
[SourceQuality "1"]
[WhiteTeam "Banska Bystrica PSK"]
[BlackTeam "Ondrasova Krivan"]
[WhiteTeamCountry "SVK"]
[BlackTeamCountry "SVK"]

1. e4 c5 2. Nf3 g6 3. d4 cxd4 4. Nxd4 Bg7 5. Nc3 Nc6 6. Be3 Nf6 7. Bc4 0-0 8. Bb3 d6 9. f3 Bd7 10. Qd2 Nxd4 11. Bxd4 b5 12. a3 a5 13. 0-0 Qc7 14. Kh1 Bc6 15. Rfe1 Nd7 16. Bxg7 Kxg7 17. Rad1 Rfd8 18. Nd5 Bxd5 19. Qxd5 Ne5 20. f4 Nc4 21. Qxb5 Nxb2 22. Rb1 Qc3 23. a4 Rab8 24. Qg5 Rd7 25. f5 Nc4 26. fxg6 hxg6 27. Rf1 Ne5 28. Rbe1 Rh8 29. Re3 Qc5 30. Rg3 Rh6 31. Bxf7 Qxc2 32. Be6 Qe2 33. Qf4 Rd8 34. Rc3 Rdh8 35. Rh3 Rxh3 36. Bxh3 Qc4 37. Kg1 Qxa4 38. Be6 Qe8 39. Qd2 Qa8 40. Qg5 Qa7+ 41. Kh1 a4 42. h3 Rb8 43. h4 a3 44. h5 a2 45. h6+ Kh7 46. Bxa2 Qxa2 47. Qxe7+ Kxh6 48. Rf4 Qa1+ 49. Kh2 Ng4+ 50. Rxg4 Qe5+ 51. Qxe5 dxe5 52. Rg3 Rb4 53. Re3 Kh5 54. Kh3 Ra4 55. Kg3 g5 56. Kf3 g4+ 57. Kg3 Kg5 58. Re1 Ra3+ 59. Kh2 Kf4 60. Rf1+ Kxe4 61. Re1+ Kd4 62. g3 Ra2+ 63. Kg1 e4 64. Kf1 e3 65. Rd1+ Ke4 0-1

[Event "SVK-ch Amateurs"]
[Site "Liptovsky Jan"]
[Date "2023.06.18"]
[Round "8"]
[White "Holly, Andrej"]
[Black "Meszaros, Casey Ryan"]
[Result "1-0"]
[WhiteElo "2158"]
[BlackElo "1867"]
[PlyCount "131"]
[EventDate "2023.06.15"]
[EventType "swiss"]
[EventRounds "8"]
[EventCountry "SVK"]
[SourceTitle "CBM 214 Extra"]
[Source "ChessBase"]
[SourceDate "2023.07.31"]
[SourceVersion "1"]
[SourceVersionDate "2023.07.31"]
[SourceQuality "1"]

1. e4 d5 2. exd5 Nf6 3. d4 Bg4 4. f3 Bf5 5. g4 Bg6 6. c4 e6 7. Nc3 c5 8. Be3 Nbd7 9. h4 h6 10. Bd3 Bxd3 11. Qxd3 e5 12. dxc5 Bxc5 13. 0-0-0 Qb6 14. Bxc5 Qxc5 15. Nge2 0-0-0 16. Ng3 g6 17. Kb1 Kb8 18. Rc1 Rc8 19. Nce4 Nxe4 20. Nxe4 Qb6 21. Rc3 f5 22. gxf5 gxf5 23. Ng3 f4 24. Ne4 Qg6 25. c5 Nf6 26. Nxf6 Qxf6 27. Rhc1 Rhd8 28. Qe4 b6 29. d6 Rxc5 30. Rxc5 bxc5 31. Rxc5 Rxd6 32. Rb5+ Kc7 33. Rxe5 Rd1+ 34. Kc2 Qd6 35. Re7+ Kd8 36. Re8+ Kd7 37. Qe7+ Kc6 38. Rc8+ Kb6 39. Qxd6+ Rxd6 40. Rf8 Rc6+ 41. Kb3 Rc1 42. Rxf4 Rf1 43. h5 Rh1 44. Rf5 Kb7 45. a4 Rh4 46. f4 Rh2 47. Kc3 Rh3+ 48. Kc4 Rh2 49. b4 Rh4 50. a5 Rh1 51. b5 Rc1+ 52. Kd5 Rd1+ 53. Ke6 a6 54. Rf7+ Ka8 55. bxa6 Ra1 56. Rf5 Rc1 57. Kf6 Rc6+ 58. Kg7 Rxa6 59. Rf6 Rxa5 60. Kxh6 Kb7 61. Kg6 Ra1 62. Rf5 Ra6+ 63. Kg7 Kc8 64. h6 Ra1 65. h7 Rh1 66. h8Q+ 1-0

[Event "SVK-ch Amateurs"]
[Site "Liptovsky Jan"]
[Date "2023.06.16"]
[Round "3"]
[White "Lukac, Roman"]
[Black "Holly, Andrej"]
[Result "1/2-1/2"]
[WhiteElo "1997"]
[BlackElo "2158"]
[PlyCount "92"]
[EventDate "2023.06.15"]
[EventType "swiss"]
[EventRounds "8"]
[EventCountry "SVK"]
[SourceTitle "CBM 214 Extra"]
[Source "ChessBase"]
[SourceDate "2023.07.31"]
[SourceVersion "1"]
[SourceVersionDate "2023.07.31"]
[SourceQuality "1"]

1. e4 c5 2. c3 d5 3. exd5 Nf6 4. d4 Nxd5 5. Nf3 e6 6. Bd3 Nc6 7. 0-0 cxd4 8. cxd4 Be7 9. Nc3 0-0 10. Qe2 Ncb4 11. Bb1 Nxc3 12. bxc3 Nd5 13. Bd2 Qc7 14. c4 Nf6 15. Bd3 b6 16. Rac1 Bb7 17. Rfe1 Rfe8 18. Ne5 Rad8 19. Bc3 Bd6 20. f4 Qe7 21. Rb1 Ba8 22. a4 Nd7 23. Be4 Bxe4 24. Qxe4 Nf6 25. Qe2 Qc7 26. Rec1 Nd7 27. Rb3 Rc8 28. Bb2 f6 29. Nxd7 Qxd7 30. a5 Bxf4 31. Ra1 bxa5 32. Rb5 Qc6 33. Rc5 Qd6 34. Rxc8 Bxh2+ 35. Kh1 Rxc8 36. c5 Qc7 37. Qxe6+ Kh8 38. Rxa5 Rb8 39. Rb5 h6 40. Rxb8+ Qxb8 41. d5 Bg3 42. d6 Qxb2 43. Qe8+ Kh7 44. Qe4+ Kh8 45. Qe8+ Kh7 46. Qe4+ Kh8 1/2-1/2

[Event "SVK-ch Amateurs"]
[Site "Liptovsky Jan"]
[Date "2023.06.15"]
[Round "2"]
[White "Holly, Andrej"]
[Black "Fryc, Lukas"]
[Result "1-0"]
[WhiteElo "2158"]
[BlackElo "1827"]
[PlyCount "113"]
[EventDate "2023.06.15"]
[EventType "swiss"]
[EventRounds "8"]
[EventCountry "SVK"]
[SourceTitle "CBM 214 Extra"]
[Source "ChessBase"]
[SourceDate "2023.07.31"]
[SourceVersion "1"]
[SourceVersionDate "2023.07.31"]
[SourceQuality "1"]

1. e4 d6 2. d4 Nf6 3. Nc3 g6 4. Bc4 c6 5. Qe2 Bg7 6. e5 Nd5 7. Bd2 0-0 8. 0-0-0 Nxc3 9. Bxc3 b5 10. Bd3 Be6 11. Kb1 dxe5 12. dxe5 Qd5 13. b3 Qc5 14. Ba1 a5 15. Nf3 a4 16. Qe3 Qxe3 17. fxe3 axb3 18. cxb3 Na6 19. Be4 Nc5 20. Bc2 Ra6 21. Bd4 Nd7 22. Rd2 Rfa8 23. Be4 h6 24. Rc1 c5 25. Bxa8 Rxa8 26. Rxc5 Nxc5 27. Bxc5 Bf5+ 28. Kb2 g5 29. Bd4 e6 30. a3 Bf8 31. b4 Rc8 32. Ne1 Be4 33. Nd3 Rc4 34. Bc5 Bg7 35. Bd6 h5 36. Nc5 Bd5 37. g3 h4 38. Rd4 hxg3 39. hxg3 g4 40. Rxc4 Bxc4 41. Kc3 Bh6 42. Kd4 Be2 43. Be7 Bd1 44. Nb7 Kg7 45. Nd6 Be2 46. Ne8+ Kg6 47. Nc7 Bf1 48. a4 bxa4 49. b5 Bg2 50. b6 Bb7 51. Ne8 Ba8 52. Bc5 Bg5 53. Nd6 Be7 54. Kc3 f6 55. b7 Bxb7 56. Nxb7 a3 57. Bxe7 1-0

[Event "SVK-ch U20"]
[Site "Dudince"]
[Date "2023.04.22"]
[Round "8"]
[White "Stevik, Patrik1"]
[Black "Holly, Andrej"]
[Result "1-0"]
[WhiteElo "2346"]
[BlackElo "2167"]
[PlyCount "65"]
[EventDate "2023.04.16"]
[EventType "tourn"]
[EventRounds "9"]
[EventCountry "SVK"]
[SourceTitle "CBM 213 Extra"]
[Source "ChessBase"]
[SourceDate "2023.05.31"]
[SourceVersion "1"]
[SourceVersionDate "2023.05.31"]
[SourceQuality "1"]

1. d4 Nf6 2. c4 b6 3. Nc3 Bb7 4. d5 e5 5. e4 Bb4 6. Bd3 Bxc3+ 7. bxc3 d6 8. f4 exf4 9. Bxf4 Qe7 10. Qe2 Nbd7 11. Nf3 Ne5 12. Nxe5 dxe5 13. Bg5 Qa3 14. 0-0 Nd7 15. Qh5 0-0 16. Rf3 Qd6 17. Raf1 Qg6 18. Qh4 f6 19. Bc1 Bc8 20. Rg3 Qf7 21. Bh6 g6 22. Bxf8 Qxf8 23. Be2 Qg7 24. Bg4 Nc5 25. Bxc8 Rxc8 26. Rxf6 Nxe4 27. Qg4 Re8 28. Re6 Rxe6 29. Qxe6+ Qf7 30. Rf3 Qxe6 31. dxe6 Ng5 32. Rf6 Ne4 33. Rf1 1-0

[Event "SVK-chT2C 2223"]
[Site "Slovakia"]
[Date "2023.03.26"]
[Round "11.2"]
[White "Horsak, Jan"]
[Black "Holly, Andrej"]
[Result "0-1"]
[WhiteElo "2058"]
[BlackElo "2141"]
[PlyCount "76"]
[EventDate "2022.10.08"]
[EventType "team-tourn"]
[EventRounds "11"]
[EventCountry "SVK"]
[SourceTitle "EXT 2024"]
[Source "ChessBase"]
[SourceDate "2023.10.10"]
[SourceVersion "1"]
[SourceVersionDate "2023.10.10"]
[SourceQuality "1"]
[WhiteTeam "Rajecke Teplice"]
[BlackTeam "Ondrasova Krivan"]
[WhiteTeamCountry "SVK"]
[BlackTeamCountry "SVK"]

1. c4 f5 2. d4 e6 3. g3 Nf6 4. Bg2 d5 5. Nf3 c6 6. 0-0 Bd6 7. c5 Bc7 8. b4 0-0 9. a4 b6 10. cxb6 axb6 11. Bb2 Bd6 12. Qb3 Qe7 13. b5 cxb5 14. axb5 Rxa1 15. Bxa1 Bd7 16. Rc1 Ne4 17. Ne5 Bxe5 18. dxe5 Nc5 19. Qb4 Rc8 20. Bb2 Be8 21. Nc3 Nbd7 22. f4 Qd8 23. Ba3 g5 24. Rd1 Bf7 25. e3 Ra8 26. Bf3 g4 27. Bg2 Qc7 28. h3 h5 29. Bb2 Kh7 30. Nxd5 exd5 31. e6 Bxe6 32. Qd4 Rg8 33. hxg4 hxg4 34. Kf2 Nb3 35. Rh1+ Kg6 36. Qd1 Qc4 37. Bf1 Qb4 38. Be2 Ndc5 0-1

[Event "SVK-chT2C 2223"]
[Site "Slovakia"]
[Date "2023.02.12"]
[Round "9.2"]
[White "Holly, Andrej"]
[Black "Staffen, Richard"]
[Result "1-0"]
[WhiteElo "2141"]
[BlackElo "1977"]
[PlyCount "55"]
[EventDate "2022.10.08"]
[EventType "team-tourn"]
[EventRounds "11"]
[EventCountry "SVK"]
[SourceTitle "EXT 2024"]
[Source "ChessBase"]
[SourceDate "2023.10.10"]
[SourceVersion "1"]
[SourceVersionDate "2023.10.10"]
[SourceQuality "1"]
[WhiteTeam "Ondrasova Krivan"]
[BlackTeam "Zilina Mladost IV"]
[WhiteTeamCountry "SVK"]
[BlackTeamCountry "SVK"]

1. e4 c5 2. Nf3 e6 3. g3 d6 4. Bg2 Nf6 5. d3 Be7 6. 0-0 0-0 7. Re1 Nbd7 8. c3 Rb8 9. a4 b6 10. d4 cxd4 11. cxd4 Bb7 12. Nc3 a6 13. Bf4 Rc8 14. Rc1 Qc7 15. e5 Ne8 16. d5 Nxe5 17. Nxe5 dxe5 18. Bxe5 Bd6 19. Bxd6 Qxd6 20. dxe6 Bxg2 21. exf7+ Kxf7 22. Qb3+ Bd5 23. Nxd5 Rxc1 24. Ne7+ Kf6 25. Qf3+ Kg5 26. h4+ Kh6 27. Qe3+ Kh5 28. Qg5# 1-0

[Event "SVK-chT1E 2223"]
[Site "Slovakia"]
[Date "2023.01.14"]
[Round "7.2"]
[White "Holly, Andrej"]
[Black "Szamos, Alexander"]
[Result "0-1"]
[WhiteElo "2164"]
[BlackElo "2134"]
[PlyCount "54"]
[EventDate "2022.10.15"]
[EventType "team-tourn"]
[EventRounds "11"]
[EventCountry "SVK"]
[SourceTitle "EXT 2024"]
[Source "ChessBase"]
[SourceDate "2023.10.10"]
[SourceVersion "1"]
[SourceVersionDate "2023.10.10"]
[SourceQuality "1"]
[WhiteTeam "Liptov Chess School II"]
[BlackTeam "Zvolen Slavia"]
[WhiteTeamCountry "SVK"]
[BlackTeamCountry "SVK"]

1. e4 c6 2. d4 d5 3. e5 Bf5 4. h4 f6 5. g4 Be6 6. f4 Qa5+ 7. c3 fxe5 8. dxe5 Qc7 9. Qe2 g6 10. Bh3 h5 11. f5 hxg4 12. fxe6 gxh3 13. Nf3 Na6 14. Rxh3 Nc5 15. Ng5 Bh6 16. Qf2 Qxe5+ 17. Kd1 Nxe6 18. Re3 Qf5 19. Rf3 Qg4 20. Nf7 Bxc1 21. Kxc1 Rxh4 22. Nd2 Rh1+ 23. Nf1 Nf6 24. Nd6+ exd6 25. Rxf6 0-0-0 26. Rf7 Nc5 27. Qe3 Qg2 0-1

[Event "SVK-chT2C 2223"]
[Site "Slovakia"]
[Date "2022.11.26"]
[Round "5.1"]
[White "Tropp, Oliver"]
[Black "Holly, Andrej"]
[Result "1/2-1/2"]
[WhiteElo "2140"]
[BlackElo "2169"]
[PlyCount "71"]
[EventDate "2022.10.08"]
[EventType "team-tourn"]
[EventRounds "11"]
[EventCountry "SVK"]
[SourceTitle "EXT 2024"]
[Source "ChessBase"]
[SourceDate "2023.10.10"]
[SourceVersion "1"]
[SourceVersionDate "2023.10.10"]
[SourceQuality "1"]
[WhiteTeam "Liptov Chess School III"]
[BlackTeam "Ondrasova Krivan"]
[WhiteTeamCountry "SVK"]
[BlackTeamCountry "SVK"]

1. c4 Nf6 2. Nc3 g6 3. g3 Bg7 4. Bg2 0-0 5. Nf3 d6 6. 0-0 e5 7. d3 a5 8. Rb1 Na6 9. a3 c6 10. b4 Re8 11. Nd2 d5 12. Na4 axb4 13. axb4 Bf8 14. c5 Be6 15. Nb6 Rb8 16. Bb2 Nd7 17. Nxd7 Bxd7 18. Ba1 b6 19. Nf3 d4 20. Qa4 Ra8 21. Qc2 bxc5 22. bxc5 Nxc5 23. Nd2 Qc7 24. e3 Bf5 25. e4 Be6 26. Nc4 Bxc4 27. Qxc4 Ra4 28. Qc2 Rea8 29. f4 Ra2 30. Bb2 Rb8 31. fxe5 Qxe5 32. Qc4 Qe6 33. Qxd4 Rbxb2 34. Rxb2 Nb3 35. Rxb3 Qxb3 36. Qf6 1/2-1/2

[Event "SVK-chT1E 2223"]
[Site "Slovakia"]
[Date "2022.11.06"]
[Round "4.2"]
[White "Zylka, Stanislaw"]
[Black "Holly, Andrej"]
[Result "1-0"]
[WhiteElo "2410"]
[BlackElo "2164"]
[PlyCount "49"]
[EventDate "2022.10.15"]
[EventType "team-tourn"]
[EventRounds "11"]
[EventCountry "SVK"]
[SourceTitle "EXT 2024"]
[Source "ChessBase"]
[SourceDate "2023.10.10"]
[SourceVersion "1"]
[SourceVersionDate "2023.10.10"]
[SourceQuality "1"]
[WhiteTeam "Cadca"]
[BlackTeam "Liptov Chess School II"]
[WhiteTeamCountry "SVK"]
[BlackTeamCountry "SVK"]

1. d4 Nf6 2. c4 g6 3. Nc3 Bg7 4. e4 d6 5. Nf3 0-0 6. Be2 Nbd7 7. 0-0 e5 8. Re1 Re8 9. Bf1 exd4 10. Nxd4 Nc5 11. f3 Nh5 12. Be3 Be5 13. Qd2 c6 14. Rad1 Qf6 15. g3 g5 16. Bg2 Be6 17. b3 Rad8 18. Nce2 h6 19. f4 gxf4 20. gxf4 Bxd4 21. Bxd4 Qh4 22. f5 Nxe4 23. Qxh6 f6 24. fxe6 Rxe6 25. Ng3 1-0

[Event "SVK-chT 2223"]
[Site "Slovakia"]
[Date "2022.10.22"]
[Round "1.4"]
[White "Holly, Andrej"]
[Black "Teglas, Balazs"]
[Result "1-0"]
[WhiteElo "2174"]
[BlackElo "2145"]
[PlyCount "97"]
[EventDate "2022.10.22"]
[EventType "team-tourn"]
[EventRounds "11"]
[EventCountry "SVK"]
[SourceTitle "EXT 2024"]
[Source "ChessBase"]
[SourceDate "2023.10.10"]
[SourceVersion "1"]
[SourceVersionDate "2023.10.10"]
[SourceQuality "1"]
[WhiteTeam "Liptov Chess School"]
[BlackTeam "Cebovce"]
[WhiteTeamCountry "SVK"]
[BlackTeamCountry "SVK"]

1. e4 c5 2. Nf3 Nc6 3. d4 cxd4 4. Nxd4 Qb6 5. Nb3 Nf6 6. Nc3 e6 7. Be3 Qc7 8. a3 a6 9. f4 d6 10. Qf3 b5 11. Bd3 Bb7 12. 0-0 Be7 13. Rae1 b4 14. axb4 Nxb4 15. Qg3 g6 16. e5 Nxd3 17. cxd3 Nd5 18. Bd4 0-0 19. Ne4 dxe5 20. fxe5 Qd8 21. Nf6+ Nxf6 22. exf6 Bb4 23. Qg5 Re8 24. Bc5 Qd5 25. Re5 h6 26. Rxd5 hxg5 27. Rxg5 Bd5 28. Bxb4 Bxb3 29. Rf3 Red8 30. h4 Bc2 31. h5 Rxd3 32. Rf4 Rd5 33. Rxd5 exd5 34. g4 Kh7 35. Rf2 Be4 36. Bd2 Rc8 37. Rh2 g5 38. Kf2 Rc2 39. Kg3 Rxb2 40. Bxg5 Rxh2 41. Kxh2 a5 42. Be3 Bf3 43. Kg3 Bd1 44. Bd4 a4 45. Bb2 Be2 46. Kh4 Bd1 47. g5 Be2 48. g6+ Kg8 49. h6 1-0

[Event "SVK-chT1E 2223"]
[Site "Slovakia"]
[Date "2022.10.16"]
[Round "2.2"]
[White "Holly, Andrej"]
[Black "Dovzik, Juri"]
[Result "1/2-1/2"]
[WhiteElo "2164"]
[BlackElo "2265"]
[PlyCount "36"]
[EventDate "2022.10.15"]
[EventType "team-tourn"]
[EventRounds "11"]
[EventCountry "SVK"]
[SourceTitle "EXT 2024"]
[Source "ChessBase"]
[SourceDate "2023.10.10"]
[SourceVersion "1"]
[SourceVersionDate "2023.10.10"]
[SourceQuality "1"]
[WhiteTeam "Liptov Chess School II"]
[BlackTeam "Kosice Slavia UPJS"]
[WhiteTeamCountry "SVK"]
[BlackTeamCountry "SVK"]

1. e4 c5 2. Nf3 e6 3. d4 cxd4 4. Nxd4 Nf6 5. Nc3 Nc6 6. Nxc6 bxc6 7. e5 Nd5 8. Ne4 Bb7 9. c4 Nb4 10. f4 c5 11. Bd3 Qh4+ 12. g3 Nxd3+ 13. Qxd3 Qh3 14. Be3 Qf5 15. 0-0-0 0-0-0 16. Nd6+ Bxd6 17. Qxd6 Bxh1 18. Rxh1 Qe4 1/2-1/2

[Event "Ustron op-A"]
[Site "Ustron"]
[Date "2022.08.20"]
[Round "9"]
[White "Djuric, Stefan"]
[Black "Holly, Andrej"]
[Result "1-0"]
[WhiteElo "2260"]
[BlackElo "2207"]
[PlyCount "35"]
[EventDate "2022.08.12"]
[EventType "swiss"]
[EventRounds "9"]
[EventCountry "POL"]
[SourceTitle "CBM 210 Extra"]
[Source "ChessBase"]
[SourceDate "2022.11.30"]
[SourceVersion "1"]
[SourceVersionDate "2022.11.30"]
[SourceQuality "1"]

1. e4 e6 2. Qe2 e5 3. Nf3 Nc6 4. g3 Nf6 5. Bg2 Bc5 6. c3 d6 7. 0-0 a5 8. d3 Bg4 9. h3 Bh5 10. Nbd2 h6 11. Nc4 Nh7 12. Qc2 Qd7 13. Nh4 Nf8 14. Nf5 Ne6 15. Nce3 Bg6 16. Nd5 h5 17. Nxg7+ Kd8 18. Nf5 1-0

[Event "Ustron op-A"]
[Site "Ustron"]
[Date "2022.08.14"]
[Round "3"]
[White "Kowalski, Igor"]
[Black "Holly, Andrej"]
[Result "1-0"]
[WhiteElo "2319"]
[BlackElo "2207"]
[PlyCount "45"]
[EventDate "2022.08.12"]
[EventType "swiss"]
[EventRounds "9"]
[EventCountry "POL"]
[SourceTitle "CBM 210 Extra"]
[Source "ChessBase"]
[SourceDate "2022.11.30"]
[SourceVersion "1"]
[SourceVersionDate "2022.11.30"]
[SourceQuality "1"]

1. d4 Nf6 2. Nf3 e6 3. Bg5 d5 4. e3 c5 5. Nbd2 Nc6 6. c3 Bd6 7. Bd3 0-0 8. 0-0 h6 9. Bh4 e5 10. dxe5 Bxe5 11. Nxe5 Nxe5 12. Bc2 Bg4 13. Qe1 Qb6 14. f4 Ned7 15. Rb1 Rfe8 16. h3 Bh5 17. g4 Bxg4 18. hxg4 Nxg4 19. Rf3 d4 20. Bf5 Ndf6 21. Bxf6 Rxe3 22. Qg3 Rxf3 23. Qxg4 1-0

[Event "Ustron op-A"]
[Site "Ustron"]
[Date "2022.08.12"]
[Round "1"]
[White "Holly, Andrej"]
[Black "Kokoszczynski, Jan"]
[Result "0-1"]
[WhiteElo "2207"]
[BlackElo "2297"]
[PlyCount "86"]
[EventDate "2022.08.12"]
[EventType "swiss"]
[EventRounds "9"]
[EventCountry "POL"]
[SourceTitle "CBM 210 Extra"]
[Source "ChessBase"]
[SourceDate "2022.11.30"]
[SourceVersion "1"]
[SourceVersionDate "2022.11.30"]
[SourceQuality "1"]

1. e4 e5 2. Nf3 Nc6 3. Bb5 a6 4. Ba4 Nf6 5. d4 exd4 6. 0-0 Be7 7. e5 Ne4 8. Nxd4 0-0 9. Nxc6 dxc6 10. c3 Qxd1 11. Bxd1 Rd8 12. Be3 Bf5 13. g4 Be6 14. Be2 Bc5 15. Bxc5 Nxc5 16. f4 a5 17. b3 g5 18. f5 Bd5 19. Nd2 Re8 20. c4 Be4 21. Bf3 Rxe5 22. Rae1 Rae8 23. Bxe4 Nxe4 24. Nxe4 Rxe4 25. Rxe4 Rxe4 26. h3 Kg7 27. Rf2 Re3 28. Kg2 Rd3 29. Re2 Kf6 30. Kh2 Rc3 31. Rd2 a4 32. Rd7 a3 33. Rxc7 Rxb3 34. Kg2 Rb2+ 35. Kf3 Rxa2 36. Rxb7 Ra1 37. Ra7 a2 38. Kg2 Ke5 39. Ra6 f6 40. Ra4 Kd4 41. Ra6 c5 42. Ra4 Kc3 43. h4 h6 0-1

[Event "Piestany Slovakia op-A"]
[Site "Piestany"]
[Date "2022.07.15"]
[Round "6"]
[White "Tripodi, Enzo"]
[Black "Holly, Andrej"]
[Result "0-1"]
[WhiteElo "2141"]
[BlackElo "2213"]
[PlyCount "74"]
[EventDate "2022.07.11"]
[EventType "swiss"]
[EventRounds "9"]
[EventCountry "SVK"]
[SourceTitle "CBM 209 Extra"]
[Source "ChessBase"]
[SourceDate "2022.09.30"]
[SourceVersion "1"]
[SourceVersionDate "2022.09.30"]
[SourceQuality "1"]

1. e4 c5 2. b3 e5 3. Bb2 Nc6 4. Bc4 d6 5. Nc3 g6 6. Nge2 Bg7 7. 0-0 Nge7 8. f4 0-0 9. Nd5 a6 10. a4 Rb8 11. Nec3 exf4 12. Rxf4 b5 13. axb5 axb5 14. Nxe7+ Nxe7 15. Be2 Be5 16. Qf1 Nc6 17. Bxb5 Nd4 18. Bc4 Bxf4 19. Qxf4 Be6 20. Nd5 Bxd5 21. Bxd4 cxd4 22. Bxd5 Qe7 23. Rf1 Kg7 24. g4 Rbc8 25. Bc4 Rc5 26. Rf3 h5 27. Rd3 hxg4 28. Rxd4 Re5 29. Bd3 Rh8 30. Rd5 Rxd5 31. exd5 Rh5 32. c4 Rh3 33. Qd4+ Kh7 34. Kg2 Qh4 35. Qf4 Rf3 36. Qxd6 Qf2+ 37. Kh1 Rxd3 0-1

[Event "Piestany Slovakia op-A"]
[Site "Piestany"]
[Date "2022.07.13"]
[Round "4"]
[White "Holly, Andrej"]
[Black "Walterova, Ema"]
[Result "0-1"]
[WhiteElo "2213"]
[BlackElo "2000"]
[PlyCount "84"]
[EventDate "2022.07.11"]
[EventType "swiss"]
[EventRounds "9"]
[EventCountry "SVK"]
[SourceTitle "CBM 209 Extra"]
[Source "ChessBase"]
[SourceDate "2022.09.30"]
[SourceVersion "1"]
[SourceVersionDate "2022.09.30"]
[SourceQuality "1"]

1. e4 e5 2. Nf3 Nc6 3. Bc4 Bc5 4. c3 Nf6 5. d3 h6 6. Nbd2 d6 7. Nf1 0-0 8. Ng3 Be6 9. Bb5 Ne7 10. 0-0 c6 11. Ba4 Qc7 12. d4 Bb6 13. Nh4 d5 14. exd5 Bxd5 15. Bc2 Rad8 16. Nh5 Nxh5 17. Qxh5 exd4 18. Bxh6 gxh6 19. Qxh6 f5 20. Rfe1 Rf7 21. c4 Rh7 22. Qg5+ Rg7 23. Rxe7 Qxe7 24. Qxe7 Rxe7 25. cxd5 Rde8 26. Kf1 Ba5 27. Nf3 Re2 28. Bxf5 cxd5 29. g4 Rxb2 30. Nxd4 Bb6 31. Rd1 Rxa2 32. h4 a5 33. h5 a4 34. Nc2 Rf8 35. Ne3 a3 36. Kg1 Bxe3 37. fxe3 Rxf5 38. gxf5 Rb2 39. Rxd5 a2 40. Ra5 Rb1+ 41. Kf2 a1Q 42. Rxa1 Rxa1 0-1